Die Kupfer- und Bronzegefässe Ägyptens : (von den Anfängen bis zum Beginn der Spätzeit) /

محفوظ في:

المؤلف الرئيسي: Radwan, Ali (مؤلف)

التنسيق: كتاب

اللغة: German

منشور في: München : [C.H. Beck], c1983.

سلاسل: Prahistorische Bronzefunde. Abteilung II ; 2.

الموضوعات:

الوسوم: إضافة وسم

لا توجد وسوم, كن أول من يضع وسما على هذه التسجيلة!

رقم الطلب: DT62 .V47 R41 1983

LEADER 00932namaa2200277 4500
001 16208
003 OSt
005 20250629093215.0
008 130303s1983 gw af b 001 0 ger d
010 |a  84198641 
020 |a 3406090141 
040 |c ARCE Library 
043 |a f-ua--- 
050 4 |a DT62 .V47 R41 1983 
100 1 |a Radwan, Ali,  |e author 
245 1 4 |a Die Kupfer- und Bronzegefässe Ägyptens :   |b (von den Anfängen bis zum Beginn der Spätzeit) /   |c von Ali Radwan. 
264 1 |a München :   |b [C.H. Beck],   |c c1983. 
300 |a viii, 193 pages, A-I, 89 pages of plates :   |b illustrations ;   |c 29 cm. 
490 0 |a Prahistorische Bronzefunde. Abteilung II ;   |v 2. 
504 |a Includes bibliographical references (pages [179]-183) and indexes. 
650 0 |a Copper implements  |z Egypt. 
650 0 |a Bronze implements  |z Egypt. 
651 0 |a Egypt  |x Antiquities. 
901 |a reviewed 
942 |c BK  |2 lcc 
999 |c 16537  |d 16537